|
|
|
|
| LEADER |
00764nab a2200229 i 4500 |
| 001 |
misc64211 |
| 005 |
20230516104203.0 |
| 008 |
230316s1927 hu o 0|| fre d |
| 040 |
|
|
|a SZTE Miscellanea Repozitórium
|b hun
|
| 041 |
|
|
|a fre
|
| 100 |
1 |
|
|a Pelliot Paul
|
| 245 |
1 |
3 |
|a Le prétendu vocabulaire mongol des Ḳaitaḳ du Daghestan
|h [elektronikus dokumentum] /
|c Pelliot Paul
|
| 260 |
|
|
|a Impr. nationale
|b Paris
|c 1927
|
| 300 |
|
|
|a 279-294
|c 23 cm
|
| 300 |
|
|
|a [16] p.
|c 23 cm
|
| 490 |
0 |
|
|a Journal Asiatique
|
| 561 |
|
|
|a Németh Gyula hagyaték
|
| 591 |
|
|
|a NOA 4547
|
| 650 |
|
4 |
|a Bölcsészettudományok
|
| 650 |
|
4 |
|a Nyelvek és irodalom
|
| 695 |
|
|
|a Mongol nyelv - szókincs
|
| 856 |
4 |
0 |
|u http://misc.bibl.u-szeged.hu/64211/1/4547_noa.pdf
|z Dokumentum-elérés
|